All AFL/VFL Premiership Winners - Statistics

General Stats
  • This quiz has been taken 129 times
    123 since last reset
  • The average score is 35 of 122
Answer Stats
Year Answer % Correct
1897 Essendon
82%
1898 Fitzroy
64%
1899 Fitzroy
59%
1900 Melbourne
51%
1901 Essendon
46%
2018 West Coast
46%
2010 Collingwood
44%
2013 Hawthorn
44%
2014 Hawthorn
44%
2015 Hawthorn
44%
2017 Richmond
44%
2012 Sydney
44%
2011 Geelong
43%
2016 Western Bulldogs
43%
2000 Essendon
41%
2009 Geelong
41%
1902 Collingwood
39%
1903 Collingwood
39%
2007 Geelong
39%
2005 Sydney
39%
1995 Carlton
38%
2008 Hawthorn
38%
2006 West Coast
38%
1927 Collingwood
36%
1999 North Melbourne
36%
2001 Brisbane
34%
1928 Collingwood
34%
1929 Collingwood
34%
1930 Collingwood
34%
1904 Fitzroy
34%
1998 Adelaide
33%
2002 Brisbane
33%
2003 Brisbane
33%
1906 Carlton
33%
1907 Carlton
33%
1908 Carlton
33%
1993 Essendon
33%
1909 South Melbourne
33%
1997 Adelaide
31%
1990 Collingwood
31%
1991 Hawthorn
31%
2004 Port Adelaide
31%
1920 Richmond
31%
1921 Richmond
31%
1992 West Coast
31%
1914 Carlton
30%
1987 Carlton
30%
1910 Collingwood
30%
1935 Collingwood
30%
1936 Collingwood
30%
1911 Essendon
30%
1912 Essendon
30%
1905 Fitzroy
30%
1913 Fitzroy
30%
1916 Fitzroy
30%
1989 Hawthorn
30%
1926 Melbourne
30%
1939 Melbourne
30%
1996 North Melbourne
30%
1933 South Melbourne
30%
1915 Carlton
28%
1938 Carlton
28%
1923 Essendon
28%
1924 Essendon
28%
1922 Fitzroy
28%
1940 Melbourne
28%
1932 Richmond
28%
1934 Richmond
28%
1918 South Melbourne
28%
1994 West Coast
28%
1917 Collingwood
26%
1919 Collingwood
26%
1985 Essendon
26%
1925 Geelong
26%
1931 Geelong
26%
1988 Hawthorn
26%
1941 Melbourne
26%
1937 Geelong
25%
1980 Richmond
25%
1942 Essendon
23%
1984 Essendon
23%
1954 Footscray
23%
1986 Hawthorn
23%
1964 Melbourne
23%
1945 Carlton
21%
1981 Carlton
21%
1944 Fitzroy
21%
1948 Melbourne
21%
1943 Richmond
21%
1966 St Kilda
21%
1947 Carlton
20%
1970 Carlton
20%
1972 Carlton
20%
1946 Essendon
20%
1976 Hawthorn
20%
1956 Melbourne
20%
1975 North Melbourne
20%
1977 North Melbourne
20%
1973 Richmond
20%
1974 Richmond
20%
1979 Carlton
18%
1949 Essendon
18%
1950 Essendon
18%
1955 Melbourne
18%
1957 Melbourne
18%
1960 Melbourne
18%
1968 Carlton
16%
1982 Carlton
16%
1958 Collingwood
16%
1978 Hawthorn
16%
1983 Hawthorn
16%
1959 Melbourne
16%
1967 Richmond
16%
1969 Richmond
16%
1965 Essendon
15%
1951 Geelong
15%
1971 Hawthorn
15%
1962 Essendon
13%
1952 Geelong
13%
1961 Hawthorn
13%
1953 Collingwood
11%
1963 Geelong
11%
No matching quizzes found
Score Distribution
Percent of People with Each Score
Percentile by Number Answered
Your Score History
You have not taken this quiz since the last reset